000 00367nam a2200133Ia 4500
008 220217s9999||||xx |||||||||||||| ||und||
020 _a81-7722-697-5
082 _a621.392 BOT
100 _aBotros, Nazeih M
_94991
245 0 _aHDL Programming Fundamentals VHDL and Verilog
260 _aDream tech press
_bNew Delhi
_c2008
300 _b399
650 _aVHDL
999 _c177873
_d177873